Estado, gobierno y sociedad: por una teoría general de la política
Uloženo v:
| Hlavní autor: | |
|---|---|
| Médium: | Kniha |
| Jazyk: | španělština |
| Vydáno: |
Ciudad de México
Fondo de Cultura Económica
1989
|
| Vydání: | 1a. ed |
| Edice: | Breviarios del Fondo de Cultura Económica, 487
|
| Témata: | |
| Tagy: |
Přidat tag
Žádné tagy, Buďte první, kdo vytvoří štítek k tomuto záznamu!
|
MARC
| LEADER | 00000cam a2200000 a 4500 | ||
|---|---|---|---|
| 001 | UCS3547 | ||
| 003 | CL-VaPUC | ||
| 008 | 970704e19890000MX |||||||||||||||||spa|d | ||
| 020 | |a 9681631420 | ||
| 082 | 0 | 4 | |a 320.01 |b BOB |2 21 |
| 100 | |a Bobbio, Norberto |e autor |9 257371 | ||
| 245 | 1 | 0 | |a Estado, gobierno y sociedad: por una teoría general de la política |
| 250 | |a 1a. ed | ||
| 300 | |a 243 p | ||
| 942 | |c BK | ||
| 945 | |d 19970704 00:00:00 |a rleighto | ||
| 260 | |a Ciudad de México |b Fondo de Cultura Económica |c 1989 | ||
| 650 | 0 | |a Política |9 255312 | |
| 650 | 7 | |a TEORIA POLITICA |2 CL-VaPUC |9 389698 | |
| 650 | 0 | |a Estado |9 255503 | |
| 650 | 0 | |a Gobierno |9 255508 | |
| 650 | 0 | |a Sociedad |9 307903 | |
| 583 | |a last modification |c 20120822 10:59:01 |k Rodrigo Vera | ||
| 490 | 0 | |a Breviarios del Fondo de Cultura Económica, 487 | |
| 999 | |c 261208 |d 261206 | ||
| 952 | |0 0 |1 0 |4 0 |6 320_010000000000000_BOB_1989 |7 0 |8 A |9 288454 |a BIBDER |b BIBDER |d 2019-11-19 |i 3329836 |o 320.01 BOB 1989 |p 3329836 |r 2023-01-25 |w 2019-11-19 |y BK |k DER | ||
| 952 | |0 0 |1 0 |4 0 |6 320_010000000000000_BOB_1989 |7 0 |8 A |9 288455 |a BIBCUR |b BIBCUR |d 2019-11-19 |i 4561864 |l 1 |o 320.01 BOB 1989 |p 4561864 |r 2025-04-22 |s 2022-03-16 |w 2019-11-19 |y BK |k PER | ||
| 952 | |0 0 |1 0 |4 0 |6 320_010000000000000_BOB_1989 |7 0 |8 A |9 288456 |a BIBGIM |b BIBGIM |d 2019-11-19 |i 4814827 |o 320.01 BOB 1989 |p 4814827 |r 2025-01-15 |w 2019-11-19 |y BK |k SSL | ||
| 952 | |0 0 |1 0 |4 0 |6 320_010000000000000_BOB_1989 |7 0 |8 A |9 288457 |a BIBGIM |b BIBGIM |d 2019-11-19 |i 4814835 |o 320.01 BOB 1989 |p 4814835 |r 2025-01-15 |w 2019-11-19 |y BK |k SSL | ||
| 952 | |0 0 |1 0 |4 0 |6 320_010000000000000_BOB_1989 |7 0 |8 A |9 288458 |a BIBGIM |b BIBGIM |d 2019-11-19 |i 4814843 |o 320.01 BOB 1989 |p 4814843 |r 2025-01-15 |w 2019-11-19 |y BK |k SSL | ||
| 952 | |0 0 |1 0 |4 0 |6 320_010000000000000_BOB_1989 |7 0 |8 A |9 288459 |a BIBGIM |b BIBGIM |d 2019-11-19 |i 4814851 |o 320.01 BOB 1989 |p 4814851 |r 2025-01-15 |w 2019-11-19 |y BK |k SSL | ||
| 952 | |0 0 |1 0 |4 0 |6 320_010000000000000_BOB_1989 |7 0 |8 A |9 288460 |a BIBGIM |b BIBGIM |d 2019-11-19 |i 4895266 |o 320.01 BOB 1989 |p 4895266 |r 2025-01-15 |w 2019-11-19 |y BK |k SSL | ||